[Event "Hamburg-ch MB"]
[Site "Hamburg"]
[Date "2018.05.19"]
[Round "1"]
[White "Rudolph, Jens Erik"]
[Black "Chmielewski, Axel"]
[Result "0-1"]
[WhiteElo "1930"]
[BlackElo "1828"]
[PlyCount "108"]
[EventDate "2018.05.19"]
[EventType "swiss"]
[EventRounds "9"]
[EventCountry "GER"]
[SourceTitle "EXT 2020"]
[Source "ChessBase"]
[SourceDate "2019.10.17"]
[SourceVersion "1"]
[SourceVersionDate "2019.10.17"]
[SourceQuality "1"]

1. Nc3 d5 2. d4 Nf6 3. Bf4 e6 4. e3 Bd6 5. Nf3 Bxf4 6. exf4 0-0 7. Ne5 Nbd7 8. Qd3 c5 9. 0-0-0 cxd4 10. Qxd4 a6 11. Nxd7 Bxd7 12. Be2 Rc8 13. g4 Qc7 14. Bf3 Qc4 15. Qe5 b5 16. Rd2 b4 17. Nb1 Qxa2 18. g5 Ne8 19. f5 b3 20. c3 Qa5 21. g6 hxg6 22. fxg6 fxg6 23. Be4 Rf6 24. Qg5 Qc7 25. Bxg6 Qf4 26. Qh5 Qh6 27. Qxh6 gxh6 28. Rg1 Kf8 29. Rd4 Rxf2 30. Rh4 Nf6 31. Rxh6 Ke7 32. Bd3 Kd6 33. Nd2 Bb5 34. Bxb5 axb5 35. Nxb3 b4 36. Rh3 bxc3 37. bxc3 Ne4 38. Nd4 Ra8 39. Nb3 Ra3 40. c4 dxc4 41. Rd1+ Ke5 42. Rh5+ Kf6 43. Nd2 Ra1+ 44. Nb1 Nc3 45. Rd2 Rxb1+ 46. Kc2 Rxd2+ 47. Kxd2 Ne4+ 48. Ke3 Re1+ 49. Kd4 Nd6 50. h4 Rd1+ 51. Kc3 Rd3+ 52. Kc2 Nf5 53. Rh8 Nd4+ 54. Kc1 c3 0-1

[Event "Schleswig Holstein-ch Seniors op 11th"]
[Site "Buesum"]
[Date "2017.09.14"]
[Round "7"]
[White "Chmielewski, Axel"]
[Black "Zimmermann, Manfred"]
[Result "0-1"]
[WhiteElo "1860"]
[BlackElo "1949"]
[PlyCount "118"]
[EventDate "2017.09.08"]
[EventType "swiss"]
[EventRounds "9"]
[EventCountry "GER"]
[SourceTitle "EXT 2019"]
[Source "ChessBase"]
[SourceDate "2018.10.10"]
[SourceVersion "1"]
[SourceVersionDate "2018.10.10"]
[SourceQuality "1"]

1. d4 Nf6 2. c4 e6 3. Nf3 d5 4. g3 c6 5. Bg2 Nbd7 6. 0-0 b6 7. cxd5 exd5 8. Nc3 Bd6 9. Nd2 Bb7 10. e4 dxe4 11. Ndxe4 Be7 12. Re1 0-0 13. Bf4 Nxe4 14. Nxe4 Nf6 15. Rc1 Nd5 16. Bd2 Qd7 17. Nc3 Nf6 18. Be3 Rfe8 19. a3 b5 20. b4 a5 21. Qb3 axb4 22. axb4 Qd6 23. Rb1 Qd7 24. Red1 Nd5 25. Nxd5 cxd5 26. Ra1 Ra4 27. Rxa4 bxa4 28. Qb2 Ba6 29. Bf1 Bxf1 30. Kxf1 Qb5+ 31. Kg2 Qxb4 32. Qxb4 Bxb4 33. Rb1 Bf8 34. Ra1 a3 35. Bc1 Ra8 36. Kf3 f6 37. Ke2 g6 38. Kd3 Bb4 39. Bd2 Bd6 40. f4 h5 41. h3 f5 42. Kc2 Ra4 43. Be3 Kf7 44. Ra2 Ke6 45. Kb1 Rb4+ 46. Ka1 Rb3 47. Re2 Kd7 48. Ka2 Rd3 49. Bf2 Kc6 50. Ka1 Kb5 51. Ka2 Bb4 52. g4 hxg4 53. hxg4 fxg4 54. Be1 Bxe1 55. Rxe1 Ka4 56. Re6 Rd2+ 57. Ka1 Rxd4 58. Ra6+ Kb4 59. Rxg6 Rxf4 0-1

[Event "Schleswig Holstein-ch Seniors op 11th"]
[Site "Buesum"]
[Date "2017.09.13"]
[Round "6"]
[White "Bondick, Karl Heinz"]
[Black "Chmielewski, Axel"]
[Result "1/2-1/2"]
[WhiteElo "1991"]
[BlackElo "1860"]
[PlyCount "93"]
[EventDate "2017.09.08"]
[EventType "swiss"]
[EventRounds "9"]
[EventCountry "GER"]
[SourceTitle "EXT 2019"]
[Source "ChessBase"]
[SourceDate "2018.10.10"]
[SourceVersion "1"]
[SourceVersionDate "2018.10.10"]
[SourceQuality "1"]

1. d4 d5 2. c4 c6 3. Nf3 Nf6 4. Nc3 a6 5. c5 Bf5 6. e3 Nbd7 7. Bd3 Bxd3 8. Qxd3 Qc7 9. 0-0 g6 10. Re1 Bg7 11. e4 dxe4 12. Nxe4 Nxe4 13. Qxe4 Nf6 14. Qe2 Nd5 15. Bg5 0-0 16. Qc4 Rfe8 17. Re2 Kf8 18. Rae1 Qd7 19. Bd2 Bf6 20. b4 h5 21. a4 h4 22. h3 Qf5 23. Ne5 Qc8 24. b5 axb5 25. axb5 e6 26. Re4 Kg8 27. Rg4 Ne7 28. bxc6 bxc6 29. Qd3 Nf5 30. Rf4 Rd8 31. g4 hxg3 32. fxg3 Be7 33. g4 g5 34. Rfe4 Ng7 35. Qf3 Rf8 36. Nc4 Qd8 37. Bc3 Ra4 38. Ne5 Qd5 39. R4e3 Ra6 40. Rf1 Qxf3 41. Rexf3 f5 42. Ng6 Re8 43. gxf5 exf5 44. Re1 Kf7 45. Ne5+ Kf8 46. Rfe3 Bd8 47. Nd7+ 1/2-1/2

[Event "Schleswig Holstein-ch Seniors op 11th"]
[Site "Buesum"]
[Date "2017.09.08"]
[Round "1"]
[White "Chmielewski, Axel"]
[Black "Postler, Reinhard"]
[Result "0-1"]
[WhiteElo "1860"]
[BlackElo "2221"]
[PlyCount "64"]
[EventDate "2017.09.08"]
[EventType "swiss"]
[EventRounds "9"]
[EventCountry "GER"]
[SourceTitle "EXT 2019"]
[Source "ChessBase"]
[SourceDate "2018.10.10"]
[SourceVersion "1"]
[SourceVersionDate "2018.10.10"]
[SourceQuality "1"]

1. d4 Nf6 2. c4 c5 3. d5 e6 4. Nc3 exd5 5. cxd5 d6 6. e4 g6 7. Bb5+ Bd7 8. Bd3 Bg7 9. Nf3 0-0 10. 0-0 a6 11. a4 Bg4 12. Be2 Re8 13. h3 Bxf3 14. Bxf3 Nbd7 15. g3 Rc8 16. Bf4 Ne5 17. Bg2 c4 18. Bxe5 Rxe5 19. Qc2 Nd7 20. Ne2 Re8 21. Ra3 Nc5 22. Nc1 b5 23. axb5 axb5 24. Re1 Qb6 25. Kh2 b4 26. Rae3 Bd4 27. R3e2 Qb5 28. Qd2 Bg7 29. f3 c3 30. Qe3 cxb2 31. Nb3 Nxb3 32. Qxb3 Rc1 0-1

[Event "Hamburg-ch MB"]
[Site "Hamburg"]
[Date "2017.06.06"]
[Round "4"]
[White "Chmielewski, Axel"]
[Black "Olschok, Juergen"]
[Result "1-0"]
[WhiteElo "1884"]
[BlackElo "1788"]
[PlyCount "79"]
[EventDate "2017.06.03"]
[EventType "swiss"]
[EventRounds "9"]
[EventCountry "GER"]
[SourceTitle "CBM 179 Extra"]
[Source "ChessBase"]
[SourceDate "2017.08.23"]
[SourceVersion "1"]
[SourceVersionDate "2017.08.23"]
[SourceQuality "1"]

1. d4 Nf6 2. c4 e5 3. dxe5 Ne4 4. a3 d6 5. Nf3 Nc6 6. e3 Bg4 7. Qc2 Bxf3 8. gxf3 Ng5 9. f4 Nf3+ 10. Ke2 Nfd4+ 11. exd4 Nxd4+ 12. Kd3 Nxc2 13. Kxc2 Qh4 14. Be3 dxe5 15. Bg2 0-0-0 16. Nd2 Qg4 17. Rhg1 Qf5+ 18. Kb3 Qd3+ 19. Ka2 exf4 20. Bxf4 Bd6 21. Be4 Qh3 22. Be3 Kb8 23. Rad1 Be5 24. Bd5 c6 25. Bxf7 Qf5 26. Rg5 Qxf7 27. Rxe5 Rhe8 28. Rg5 Re4 29. Rdg1 Rxd2 30. Bxd2 Qxc4+ 31. Ka1 g6 32. Bc3 Re2 33. R5g4 Qf7 34. f4 Rxh2 35. Be5+ Kc8 36. f5 Qd5 37. Bxh2 Qxf5 38. Rf4 Qc2 39. Rf8+ Kd7 40. Rf7+ 1-0

[Event "Hamburg-ch MB"]
[Site "Hamburg"]
[Date "2017.06.05"]
[Round "3"]
[White "Tscherepanov, Leon"]
[Black "Chmielewski, Axel"]
[Result "1/2-1/2"]
[WhiteElo "1776"]
[BlackElo "1884"]
[PlyCount "59"]
[EventDate "2017.06.03"]
[EventType "swiss"]
[EventRounds "9"]
[EventCountry "GER"]
[SourceTitle "CBM 179 Extra"]
[Source "ChessBase"]
[SourceDate "2017.08.23"]
[SourceVersion "1"]
[SourceVersionDate "2017.08.23"]
[SourceQuality "1"]

1. d4 d5 2. c4 c6 3. Nc3 Nf6 4. e3 a6 5. Nf3 b5 6. cxd5 cxd5 7. Bd3 Bb7 8. 0-0 e6 9. Bd2 Bd6 10. Rc1 Nbd7 11. Qc2 Rc8 12. Qb1 b4 13. Ne2 0-0 14. Rxc8 Qxc8 15. Rc1 Qa8 16. Ng3 Ne4 17. Be1 f5 18. Qc2 f4 19. Nf1 fxe3 20. Nxe3 Qd8 21. Ng4 a5 22. Nge5 Nxe5 23. dxe5 Bb8 24. Rd1 Qb6 25. Qe2 g6 26. Rc1 Nc5 27. Bb1 Nd7 28. Bd2 Ba6 29. Qe1 Qd8 30. Bh6 1/2-1/2

[Event "Hamburg-ch MB"]
[Site "Hamburg"]
[Date "2017.06.04"]
[Round "2"]
[White "Chmielewski, Axel"]
[Black "Von Elsner, Mathias"]
[Result "0-1"]
[WhiteElo "1884"]
[BlackElo "1800"]
[PlyCount "110"]
[EventDate "2017.06.03"]
[EventType "swiss"]
[EventRounds "9"]
[EventCountry "GER"]
[SourceTitle "CBM 179 Extra"]
[Source "ChessBase"]
[SourceDate "2017.08.23"]
[SourceVersion "1"]
[SourceVersionDate "2017.08.23"]
[SourceQuality "1"]

1. d4 d5 2. c4 c6 3. Nf3 Nf6 4. Qc2 Bg4 5. Ne5 Nbd7 6. Nxg4 Nxg4 7. cxd5 cxd5 8. Qb3 Qc7 9. Nc3 e6 10. g3 Qb6 11. Qxb6 Nxb6 12. a3 Rc8 13. Bg2 f5 14. Bf4 Nc4 15. 0-0 Bd6 16. Bxd6 Nxd6 17. h3 Nf6 18. Rfc1 Kd7 19. e3 Nfe4 20. Ne2 Nd2 21. Rxc8 Rxc8 22. Rc1 N6c4 23. Rc2 g5 24. Nc3 Ne4 25. Bxe4 fxe4 26. g4 Rc6 27. Kf1 a6 28. Ke2 b5 29. f3 Nxb2 30. fxe4 dxe4 31. Rxb2 Rxc3 32. a4 Kc6 33. axb5+ axb5 34. Kd2 Rc4 35. Rb1 b4 36. Rb2 Kb5 37. Rb1 Ka4 38. Ra1+ Kb3 39. Ra6 Rc2+ 40. Kd1 Ra2 41. Rxe6 Kc3 42. Rc6+ Kd3 43. Kc1 Kxe3 44. d5 Rd2 45. d6 Rd4 46. Rc7 Rxd6 47. Rxh7 Ke2 48. Rb7 e3 49. Rxb4 Rd5 50. Rb7 Rc5+ 51. Kb1 Kd1 52. Rd7+ Ke1 53. Kb2 e2 54. Kb1 Rc3 55. Rd5 Kf2 0-1

[Event "Hamburg-ch Seniors 23rd"]
[Site "Hamburg"]
[Date "2016.11.05"]
[Round "4"]
[White "Zechel, Rolf Ruediger"]
[Black "Chmielewski, Axel"]
[Result "1/2-1/2"]
[WhiteElo "1669"]
[BlackElo "1854"]
[PlyCount "45"]
[EventDate "2016.11.02"]
[EventType "swiss"]
[EventRounds "9"]
[EventCountry "GER"]
[SourceTitle "EXT 2019"]
[Source "ChessBase"]
[SourceDate "2018.10.10"]
[SourceVersion "1"]
[SourceVersionDate "2018.10.10"]
[SourceQuality "1"]

1. d4 d5 2. c4 c6 3. Nf3 Nf6 4. Nc3 a6 5. cxd5 cxd5 6. e3 Nc6 7. a3 Bf5 8. Bd3 Bg6 9. 0-0 e6 10. b4 Bd6 11. b5 Ne7 12. Bb2 0-0 13. Qe2 a5 14. a4 Rc8 15. Rfc1 Ne4 16. Nd2 f5 17. f3 Nxd2 18. Qxd2 Kh8 19. f4 Ng8 20. Nd1 Qe7 21. Nf2 Bb4 22. Qd1 Nf6 23. Be2 1/2-1/2